书目信息 |
| 题名: |
橡胶品种速查手册
|
|
| 作者: | 张玉龙 , 李萍 主编 | |
| 分册: | ||
| 出版信息: | 北京 中国纺织出版社 2011.9 |
|
| 页数: | 450页 | |
| 开本: | 21cm | |
| 丛书名: | ||
| 单 册: | ||
| 中图分类: | TQ33 | |
| 科图分类: | ||
| 主题词: | 橡胶--品种--手册 | |
| 电子资源: | ||
| ISBN: | 978-7-5064-7687-4 | |
| 000 | 00893nam0 2200241 45 | |
| 001 | 012001000401 | |
| 005 | 20140911140524.0 | |
| 010 | @a978-7-5064-7687-4@dCNY39.80 | |
| 100 | @a20111101d2011 em y0chiy50 ea | |
| 101 | 0 | @achi |
| 102 | @aCN@b110000 | |
| 105 | @ay z 000yy | |
| 106 | @ar | |
| 200 | 1 | @a橡胶品种速查手册@Axiang jiao pin zhong su cha shou ce@b专著@f张玉龙,李萍主编 |
| 210 | @a北京@c中国纺织出版社@d2011.9 | |
| 215 | @a450页@d21cm | |
| 330 | @a本书介绍了天然橡胶、通用合成橡胶、工程橡胶、特种合成橡胶和热塑性弹性体等主要橡胶品种,并按照性能特点、主要品种、应用与国内外牌号编写格式介绍了每一个橡胶品种。同时介绍了再生橡胶的回收利用技术与应用等内容。 | |
| 606 | 0 | @a橡胶@x品种@j手册 |
| 690 | @aTQ33@v4 | |
| 701 | 0 | @a张玉龙@Azhang yu long@f(1973 )@4主编 |
| 701 | 0 | @a李萍@Ali ping@c(复合材料)@4主编 |
| 801 | 0 | @aCN@bBJSDL@c20211011 |
| 905 | @b1331404-7@dTQ33@e20@f4 | |
| 橡胶品种速查手册/张玉龙,李萍主编.-北京:中国纺织出版社,2011.9 |
| 450页;21cm |
| ISBN 978-7-5064-7687-4:CNY39.80 |
| 本书介绍了天然橡胶、通用合成橡胶、工程橡胶、特种合成橡胶和热塑性弹性体等主要橡胶品种,并按照性能特点、主要品种、应用与国内外牌号编写格式介绍了每一个橡胶品种。同时介绍了再生橡胶的回收利用技术与应用等内容。 |
| ● |
| 相关链接 |
|
|
|
|
正题名:橡胶品种速查手册
索取号:TQ33/20
 
预约/预借
| 序号 | 登录号 | 条形码 | 馆藏地/架位号 | 状态 | 备注 |
| 1 | 1331404 | 213314046 | 第二样本阅览室/ [索取号:TQ33/20] | 在馆 | |
| 2 | 1331405 | 213314055 | 第三借阅区/ [索取号:TQ33/20] | 在馆 | |
| 3 | 1331406 | 213314064 | 第三借阅区/ [索取号:TQ33/20] | 在馆 | |
| 4 | 1331407 | 213314073 | 第三借阅区/ [索取号:TQ33/20] | 在馆 |